[Event "SR 3. liga A2 2015/2016"]
[Site "?"]
[Date "2015.12.20"]
[Round "5.6"]
[White "Kalmar, Tamas"]
[Black "Hrubsa, Marian"]
[Result "1/2-1/2"]
[WhiteElo "2008"]
[BlackElo "1805"]
[PlyCount "107"]
[EventDate "2016.??.??"]

1. d4 d5 2. c4 e6 3. Nc3 Nf6 4. Bg5 Nbd7 5. e3 c6 6. Nf3 Bb4 7. cxd5 exd5 8.
Qc2 Qa5 9. Bd3 O-O 10. O-O Re8 11. Bh4 h6 12. Nd2 Bd6 13. Rfc1 a6 14. a3 Qc7
15. Nf3 Kh8 16. b4 Qd8 17. Qb3 Rg8 18. a4 g5 19. Bg3 Bxg3 20. hxg3 Nf8 21. b5
Be6 22. bxc6 bxc6 23. Rab1 c5 24. Qb6 N8d7 25. Qxd8 Rgxd8 26. dxc5 Nxc5 27. Bc2
Nfd7 28. Rd1 Kg7 29. Nxd5 Rac8 30. Nb6 Nxb6 31. Rxd8 Rxd8 32. Rxb6 Rc8 33. Nd4
Rc7 34. Kf1 Rc8 35. Ke2 Bc4+ 36. Ke1 Be6 37. Kd2 Rc7 38. f3 Bd7 39. a5 Ra7 40.
g4 Rc7 41. Bd3 Bc8 42. Bf5 Bb7 43. Nb3 Na4 44. Rb4 Nb2 45. Bd3 Nxd3 46. Kxd3
Bd5 47. Nd4 Rc5 48. Nf5+ Kh7 49. Rb6 Rxa5 50. Rxh6+ Kg8 51. Rd6 Be6 52. Nd4 Bd5
53. Nf5 Be6 54. Nd4 1/2-1/2

[Event "SR 3. liga A2 2015/2016"]
[Site "?"]
[Date "2015.12.20"]
[Round "5.6"]
[White "Planka, Peter"]
[Black "Feher, Tibor"]
[Result "1/2-1/2"]
[WhiteElo "1740"]
[BlackElo "1808"]
[PlyCount "85"]
[EventDate "2016.??.??"]

1. e4 e5 2. Nf3 Nf6 3. Nc3 Nc6 4. Bc4 Be7 5. O-O O-O 6. a3 d6 7. h3 a6 8. d3 b5
9. Ba2 Bb7 10. Be3 Rc8 11. Nd5 Nxd5 12. Bxd5 Na5 13. Bxb7 Nxb7 14. Qd2 c6 15.
a4 Ra8 16. axb5 axb5 17. Qc3 Qd7 18. b3 Rfc8 19. Rxa8 Rxa8 20. Ra1 Rxa1+ 21.
Qxa1 Nd8 22. Qa5 Qb7 23. Kf1 Ne6 24. g3 Kf8 25. Ke2 Ke8 26. c3 Bd8 27. Qa3 Be7
28. b4 Kd7 29. Nd2 Bg5 30. Bxg5 Nxg5 31. h4 Ne6 32. Nf3 h6 33. Qa2 Ke7 34. Qa3
Kd7 35. Qa5 Ke7 36. Ke3 Kd7 37. d4 exd4+ 38. Nxd4 Nxd4 39. cxd4 Ke7 40. f4 f6
41. Qa2 Kf8 42. Qe6 Qc7 43. Kd3 1/2-1/2

[Event "SR 3. liga A2 2015/2016"]
[Site "?"]
[Date "2015.12.20"]
[Round "5.6"]
[White "Bugar, Peter"]
[Black "Zlamal, Marek"]
[Result "1-0"]
[WhiteElo "1672"]
[BlackElo "1738"]
[PlyCount "69"]
[EventDate "2016.??.??"]

1. d4 d5 2. c4 e6 3. Nc3 Nf6 4. Bg5 Be7 5. Nf3 O-O 6. e3 b6 7. cxd5 Nxd5 8.
Nxd5 exd5 9. Bxe7 Qxe7 10. Qb3 Bf5 11. Rc1 Kh8 12. Qxd5 Be4 13. Qc4 Nc6 14. Nd2
b5 15. Qc5 Qxc5 16. Rxc5 Nxd4 17. Nxe4 Rad8 18. exd4 Rxd4 19. Ng3 Re8+ 20. Be2
g6 21. O-O f5 22. Bxb5 Re7 23. Rfc1 f4 24. Nf1 h5 25. Rxc7 Re5 26. Rxa7 Rd8 27.
Bd3 f3 28. g3 h4 29. Rcc7 hxg3 30. Rh7+ Kg8 31. Bc4+ Red5 32. hxg3 g5 33. Rhd7
g4 34. Bxd5+ Kf8 35. Rxd8# 1-0

[Event "SR 3. liga A2 2015/2016"]
[Site "?"]
[Date "2015.12.20"]
[Round "5.6"]
[White "Danihel, Jozef"]
[Black "Gogora, Kristian"]
[Result "0-1"]
[WhiteElo "1562"]
[BlackElo "1578"]
[PlyCount "78"]
[EventDate "2016.??.??"]

1. d4 Nf6 2. c4 g6 3. Nc3 d6 4. Nf3 Bg7 5. h3 O-O 6. e4 e5 7. d5 Nbd7 8. Be3
Nh5 9. g4 Nhf6 10. Be2 Nb6 11. Qd2 a5 12. Rc1 a4 13. Bg5 Nbd7 14. Bd1 Nc5 15.
Qe3 c6 16. Nxe5 Ncxe4 17. Nxe4 Qa5+ 18. Qc3 Nxe4 19. Qxa5 Rxa5 20. Nf3 Nxg5 21.
Nxg5 cxd5 22. Nf3 Bxb2 23. Rc2 a3 24. O-O dxc4 25. Rxc4 Be6 26. Rc7 Bxa2 27.
Rxb7 Bc4 28. Re1 a2 29. Rxb2 a1=Q 30. Rb7 Bd5 31. Rbe7 Bxf3 32. Bxf3 Qc3 33.
R7e3 Qc5 34. Rd1 Ra3 35. Rxa3 Qxa3 36. Bg2 Rc8 37. Kh2 Rc2 38. Rf1 Qc5 39. Kg3
Rc1 0-1

[Event "SR 3. liga A2 2015/2016"]
[Site "?"]
[Date "2016.01.17"]
[Round "6.1"]
[White "Bisco, Igor"]
[Black "Jozefek, Michal"]
[Result "0-1"]
[WhiteElo "2093"]
[BlackElo "2203"]
[PlyCount "102"]
[EventDate "2016.??.??"]

1. e4 c5 2. Nf3 d6 3. d4 cxd4 4. Nxd4 Nf6 5. Nc3 Nc6 6. Bg5 e6 7. Qd2 a6 8.
O-O-O Bd7 9. f4 Be7 10. Kb1 b5 11. Nxc6 Bxc6 12. Bxf6 gxf6 13. Qe3 Qc7 14. f5
b4 15. Ne2 e5 16. Ng3 Bb7 17. Bd3 h5 18. h4 O-O-O 19. Qe2 a5 20. Ba6 Rhg8 21.
Nxh5 Bxa6 22. Qxa6+ Qb7 23. Qc4+ Qc7 24. Qe2 d5 25. exd5 Qb6 26. g4 Bc5 27. Ng3
Kb8 28. Ne4 Bd4 29. d6 Rc8 30. Nxf6 Rgd8 31. d7 Rc6 32. g5 a4 33. h5 a3 34. h6
b3 35. cxb3 Rxf6 36. gxf6 Qxf6 37. Qb5+ Ka7 38. h7 Qxf5+ 39. Qd3 Qf6 40. Rdf1
Qg7 41. Rc1 Rh8 42. Rc8 Qg2 43. Rc2 Qxh1+ 44. Rc1 Qd5 45. bxa3 Qxd7 46. Rc4 Qd5
47. Ra4+ Kb8 48. Rb4+ Kc7 49. Rc4+ Kd6 50. Rc1 Qg2 51. Rc2 Qh1+ 0-1

[Event "SR 3. liga A2 2015/2016"]
[Site "?"]
[Date "2016.01.17"]
[Round "6.1"]
[White "Stanec, Stanislav"]
[Black "Lahucky, Pavol"]
[Result "1-0"]
[WhiteElo "2110"]
[BlackElo "2070"]
[PlyCount "63"]
[EventDate "2016.??.??"]

1. d4 f5 2. c4 Nf6 3. Nc3 g6 4. Nf3 Bg7 5. e3 O-O 6. Be2 c6 7. O-O d6 8. d5 e5
9. dxe6 Bxe6 10. Ng5 Bc8 11. Qb3 h6 12. Nf3 Qe7 13. Rd1 Ne8 14. Qc2 Nd7 15. b3
Ne5 16. Ba3 Be6 17. Rac1 Rd8 18. Rd2 Nxf3+ 19. Bxf3 Be5 20. Ne2 g5 21. g3 Ng7
22. Bg2 f4 23. exf4 gxf4 24. Nd4 Bxd4 25. Rxd4 f3 26. Bf1 c5 27. Re4 Qg5 28.
Re3 Bg4 29. Qd1 Nf5 30. Qd5+ Rf7 31. Re4 Kf8 32. Rce1 1-0

[Event "SR 3. liga A2 2015/2016"]
[Site "?"]
[Date "2016.01.17"]
[Round "6.1"]
[White "Skocik, Jozef"]
[Black "Vepy, Ivan"]
[Result "0-1"]
[WhiteElo "1899"]
[BlackElo "1920"]
[PlyCount "152"]
[EventDate "2016.??.??"]

1. e4 e5 2. Bc4 Nf6 3. Nf3 Nc6 4. Ng5 d5 5. exd5 Na5 6. Bb5+ c6 7. dxc6 bxc6 8.
Be2 h6 9. Nf3 Bd6 10. d3 O-O 11. O-O Be6 12. Re1 Qc7 13. Nc3 Rad8 14. Bd2 Rfe8
15. Qc1 Kh7 16. h3 Nb7 17. a3 Nc5 18. b4 Ncd7 19. Ne4 Nxe4 20. dxe4 Nf8 21. Bd3
Ng6 22. Qb2 Be7 23. Rad1 Qc8 24. Kh2 Qc7 25. Kh1 Rb8 26. c4 Red8 27. Qc2 a5 28.
Rb1 axb4 29. axb4 Qd7 30. Bf1 f5 31. Rbd1 Qc8 32. Ng1 f4 33. Nf3 Bxb4 34. Bxb4
Rxb4 35. Qc3 Rxd1 36. Rxd1 Qb8 37. Rd8 Qxd8 38. Qxb4 Qd1 39. Qe1 Qc2 40. Qe2
Qc3 41. Qd3 Qxd3 42. Bxd3 Kg8 43. Kg1 Kf7 44. Kf1 Kf6 45. Ke2 Nf8 46. Nd2 g5
47. Nb3 h5 48. Nc5 Bc8 49. Bc2 Ne6 50. Nxe6 Bxe6 51. c5 Ke7 52. Kd3 f3 53. g4
hxg4 54. hxg4 Bxg4 55. Ke3 Bh5 56. Ba4 Kd7 57. Kd2 g4 58. Ke1 Bg6 59. Bc2 Kc7
60. Kf1 Bf7 61. Bd3 Bb3 62. Kg1 Bd1 63. Kh2 Be2 64. Bc2 Kb7 65. Kg3 Ka6 66.
Kxg4 Kb5 67. Kf5 Kxc5 68. Kxe5 Kb4 69. Kd6 Kc3 70. Ba4 Bb5 71. Bxb5 cxb5 72. e5
b4 73. e6 b3 74. e7 b2 75. e8=Q b1=Q 76. Qe3+ Qd3+ 0-1

[Event "SR 3. liga A2 2015/2016"]
[Site "?"]
[Date "2016.01.17"]
[Round "6.1"]
[White "Harastova, Viera"]
[Black "Gajarsky, Roman"]
[Result "0-1"]
[WhiteElo "1886"]
[BlackElo "1750"]
[PlyCount "152"]
[EventDate "2016.??.??"]

1. d4 d5 2. c4 c6 3. Nc3 Nf6 4. Bg5 e6 5. e3 h6 6. Bh4 Bd6 7. Nf3 Nbd7 8. Bd3
b6 9. O-O Bb7 10. Rc1 Rc8 11. Qe2 O-O 12. cxd5 exd5 13. Bf5 Be7 14. Bg3 g6 15.
Bb1 Nh5 16. Be5 Bf6 17. Bxf6 Qxf6 18. h3 Rfe8 19. Nh2 Nf4 20. Qg4 Ne6 21. f4
Qg7 22. f5 Nf6 23. Qf3 Ng5 24. Qf2 Nge4 25. Nxe4 Nxe4 26. Bxe4 Rxe4 27. f6 Qf8
28. Ng4 c5 29. Ne5 Ba6 30. Rfd1 Qd6 31. b4 cxd4 32. Rxc8+ Bxc8 33. exd4 Qxb4
34. Nc6 Qf8 35. Ne7+ Kh7 36. Nxd5 Qd6 37. Ne7 Bb7 38. d5 Rf4 39. Qc2 Rxf6 40.
Nc6 Qc5+ 41. Qxc5 bxc5 42. d6 Bxc6 43. d7 Bxd7 44. Rxd7 Ra6 45. Rxf7+ Kg8 46.
Rc7 Ra5 47. Rc6 Kf7 48. Kf1 h5 49. Ke1 g5 50. a3 h4 51. Ke2 Ke7 52. Rg6 c4 53.
Rc6 Ra4 54. Rg6 Ra5 55. Rc6 Rxa3 56. Rxc4 Kd6 57. Rg4 Rg3 58. Ra4 Rxg2+ 59. Kf1
Rg3 60. Ra5 Ke6 61. Rxa7 Rxh3 62. Ra6+ Kf5 63. Ra5+ Kg4 64. Ra4+ Kh5 65. Kg2
Rg3+ 66. Kh2 Rg4 67. Ra2 Rb4 68. Rc2 Rb3 69. Ra2 h3 70. Ra8 Kh4 71. Ra2 Re3 72.
Rf2 g4 73. Rf8 g3+ 74. Kg1 Re1+ 75. Rf1 Rxf1+ 76. Kxf1 Kg4 0-1

[Event "SR 3. liga A2 2015/2016"]
[Site "?"]
[Date "2016.01.17"]
[Round "6.1"]
[White "Tupy, Bystrik"]
[Black "Vogl, Zdenek"]
[Result "0-1"]
[WhiteElo "1772"]
[BlackElo "1900"]
[PlyCount "96"]
[EventDate "2016.??.??"]

1. e4 e5 2. Nf3 Nc6 3. Bb5 a6 4. Bxc6 dxc6 5. d4 exd4 6. Qxd4 Qxd4 7. Nxd4 Bc5
8. Be3 Nf6 9. Nc3 Bb4 10. f3 Bxc3+ 11. bxc3 c5 12. Nb3 b6 13. O-O Be6 14. Rad1
h6 15. Rd2 Rd8 16. Rfd1 Rxd2 17. Rxd2 Ke7 18. Bf4 Rc8 19. h4 Nh5 20. Bh2 Nf6
21. Kf2 Ne8 22. Ke3 Rd8 23. g4 Nd6 24. Bxd6+ Rxd6 25. a3 Rxd2 26. Kxd2 Kd6 27.
Ke3 g5 28. hxg5 hxg5 29. Nd2 c4 30. f4 Bxg4 31. Nxc4+ Kc5 32. Ne5 gxf4+ 33.
Kxf4 Be6 34. Kg5 Kd6 35. Kf6 c5 36. Nf3 b5 37. e5+ Kd5 38. Ng5 a5 39. Nxf7 Bxf7
40. Kxf7 Kxe5 41. Ke7 Kd5 42. Kd7 a4 43. Kc7 Kc4 44. Kb6 b4 45. cxb4 cxb4 46.
axb4 Kxb4 47. c4 Kxc4 48. Ka5 a3 0-1

[Event "SR 3. liga A2 2015/2016"]
[Site "?"]
[Date "2016.01.17"]
[Round "6.1"]
[White "Hrubsa, Marian"]
[Black "Bojnansky, Juraj"]
[Result "1-0"]
[WhiteElo "1811"]
[BlackElo "1665"]
[PlyCount "101"]
[EventDate "2016.??.??"]

1. e4 c5 2. Nf3 Nc6 3. d4 d6 4. dxc5 Qa5+ 5. Nc3 dxc5 6. Bd2 e6 7. Bc4 Qd8 8.
O-O Be7 9. Qe2 a6 10. a4 Nf6 11. Rad1 O-O 12. e5 Nd7 13. Qe4 Qc7 14. Rfe1 Nb4
15. Ng5 Bxg5 16. Bxg5 Nb6 17. Bd3 Nxd3 18. Rxd3 Bd7 19. Rh3 f5 20. exf6 g6 21.
Rh6 Be8 22. Qxe6+ Bf7 23. Qh3 Rae8 24. Re7 Qd7 25. Rxh7 Qxh3 26. Rxh3 Rxe7 27.
fxe7 Rc8 28. a5 Nd7 29. Ne4 Rc6 30. Rd3 Be8 31. Nd6 Rxd6 32. Rxd6 Kf7 33. f3 c4
34. Rd4 Ne5 35. Re4 Nc6 36. Rf4+ Ke6 37. Rxc4 Nxa5 38. Re4+ Kd7 39. Rd4+ Ke6
40. Kf2 Nc6 41. Re4+ Kd7 42. Ke3 b5 43. c3 a5 44. Kd3 Kd6 45. Re1 a4 46. f4 Na5
47. Kc2 Nc4 48. g4 Na5 49. h4 Nc6 50. h5 Kd7 51. h6 1-0

[Event "SR 3. liga A2 2015/2016"]
[Site "?"]
[Date "2016.01.17"]
[Round "6.1"]
[White "Janas, Peter"]
[Black "Planka, Peter"]
[Result "0-1"]
[WhiteElo "1672"]
[BlackElo "1739"]
[PlyCount "136"]
[EventDate "2016.??.??"]

1. e4 e5 2. Nf3 Nc6 3. Bb5 a6 4. Ba4 Nf6 5. c3 b5 6. Bc2 Be7 7. d4 d6 8. O-O
O-O 9. h3 Re8 10. Bg5 Bd7 11. Nbd2 g6 12. d5 Na5 13. b4 Nb7 14. Re1 Nxd5 15.
Bxe7 Nxe7 16. Nf1 Kg7 17. Qd2 f6 18. Ne3 Be6 19. Red1 a5 20. a3 c6 21. Qe2 Qc7
22. Rdc1 axb4 23. cxb4 Red8 24. Bd3 Qb6 25. Kh2 d5 26. exd5 Nxd5 27. Nxd5 Bxd5
28. Be4 Bxe4 29. Qxe4 Rac8 30. Rc2 Nd6 31. Qe2 Qc7 32. Kg1 Ra8 33. Rc3 Ra6 34.
Rac1 Nc4 35. Qc2 Qa7 36. Ra1 Ra8 37. Qc1 Qd7 38. Kh1 Qd6 39. Kg1 Qxb4 40. Rb1
Qe7 41. Nd2 Rxa3 42. Nxc4 Rxc3 43. Qxc3 Qc5 44. Rc1 Qxc4 45. Qxc4 bxc4 46. Rxc4
Rc8 47. Kf1 Kf7 48. Ke2 Ke6 49. Kd3 Rc7 50. Rc5 Kd6 51. Ra5 f5 52. f3 c5 53.
Kc4 e4 54. fxe4 fxe4 55. g3 e3 56. Kd3 Re7 57. Ke2 Kd5 58. Ra8 Kd4 59. Rd8+ Kc3
60. h4 c4 61. Rb8 Kc2 62. Rb5 c3 63. Rb4 Kc1 64. g4 c2 65. g5 Rd7 66. Ke1 Ra7
67. Ke2 Ra2 68. Rb8 Rb2 0-1

[Event "SR 3. liga A2 2015/2016"]
[Site "?"]
[Date "2016.01.17"]
[Round "6.1"]
[White "Zlamal, Marek"]
[Black "Jancicka, Viliam"]
[Result "1-0"]
[WhiteElo "1730"]
[BlackElo "1672"]
[PlyCount "89"]
[EventDate "2016.??.??"]

1. d4 Nf6 2. e3 d5 3. c4 Bf5 4. Nc3 c6 5. Nf3 Nbd7 6. Nh4 e6 7. Nxf5 exf5 8.
cxd5 cxd5 9. Qb3 Qb6 10. Bb5 Qd6 11. Bd3 a6 12. Bxf5 b5 13. O-O Nb6 14. Qd1 g6
15. Bh3 Bg7 16. a4 b4 17. a5 Nc4 18. Qa4+ Ke7 19. Ne2 b3 20. Qxb3 Rab8 21. Qc2
Qb4 22. Nc3 Qb3 23. Qd3 Rhd8 24. f3 Rd6 25. e4 dxe4 26. fxe4 Nh5 27. d5 Be5 28.
Qf3 Bd4+ 29. Kh1 Rf6 30. Bg5 Nd2 31. Qd3 Bxc3 32. bxc3 Nxf1 33. Rxf1 Kf8 34.
Bxf6 Nxf6 35. Rxf6 Qb1+ 36. Qf1 Rb7 37. g3 Qc2 38. Qg2 Rb1+ 39. Rf1 Rxf1+ 40.
Qxf1 Qxe4+ 41. Bg2 Qe5 42. Qa1 g5 43. Qf1 Qd6 44. Qc4 Qf6 45. d6 1-0

[Event "SR 3. liga A2 2015/2016"]
[Site "?"]
[Date "2016.01.17"]
[Round "6.2"]
[White "Kavon, Rastislav"]
[Black "Takacs, Laszlo"]
[Result "1/2-1/2"]
[WhiteElo "2228"]
[BlackElo "2197"]
[PlyCount "70"]
[EventDate "2016.??.??"]

1. e4 c5 2. Nf3 e6 3. d4 cxd4 4. Nxd4 a6 5. Bd3 Qc7 6. O-O Nf6 7. Nc3 Nc6 8.
Nxc6 bxc6 9. f4 d5 10. e5 Nd7 11. Ne2 Nc5 12. c3 Nxd3 13. Qxd3 a5 14. Qc2 Ba6
15. Rf3 Bc5+ 16. Kh1 O-O 17. Be3 Be7 18. Ng3 g6 19. f5 exf5 20. Bh6 Rfe8 21.
Nxf5 Bf8 22. Bxf8 Rxf8 23. Qd2 Rae8 24. Nh6+ Kh8 25. Ng4 f5 26. exf6 Be2 27. f7
Re4 28. Re3 Qxf7 29. Qxe2 Rxg4 30. Rf3 Rf4 31. Raf1 Rxf3 32. Rxf3 Qe8 33. Rxf8+
Qxf8 34. Qe5+ Kg8 35. h3 Qc5 1/2-1/2

[Event "SR 3. liga A2 2015/2016"]
[Site "?"]
[Date "2016.01.17"]
[Round "6.2"]
[White "Blaho, Stefan"]
[Black "Lopatievov, Alexander"]
[Result "0-1"]
[WhiteElo "2006"]
[BlackElo "1873"]
[PlyCount "130"]
[EventDate "2016.??.??"]

1. d4 c6 2. c4 d5 3. Nc3 Nf6 4. Nf3 e6 5. e3 Be7 6. Be2 Nbd7 7. Qc2 dxc4 8. a4
Qc7 9. Bxc4 e5 10. Qb3 Nd5 11. Bxd5 cxd5 12. Nxd5 Qd6 13. Qc4 O-O 14. b3 Nb6
15. Nxe7+ Qxe7 16. Qc5 Qxc5 17. dxc5 Nd7 18. Ba3 Re8 19. O-O Nf6 20. b4 Ne4 21.
Rac1 f6 22. Rfd1 Be6 23. Ne1 Red8 24. b5 Bb3 25. Rxd8+ Rxd8 26. a5 Kf7 27. b6
Bd5 28. Nd3 axb6 29. cxb6 Bc6 30. f3 Rxd3 31. fxe4 Bxe4 32. Rc7+ Kg6 33. Bf8
Rd1+ 34. Kf2 Rd2+ 35. Ke1 Rxg2 36. Rxg7+ Kh5 37. a6 bxa6 38. Ra7 Rxh2 39. Ba3
Rh1+ 40. Kd2 Rb1 41. Bc5 Rb5 42. Rc7 Kg6 43. Kc3 h5 44. Kc4 h4 45. Rc8 h3 46.
Rh8 Bg2 47. e4 Bxe4 48. Rxh3 f5 49. Ra3 Bb7 50. Rg3+ Kf6 51. Rg8 f4 52. Rf8+
Ke6 53. Re8+ Kf5 54. Re7 Bf3 55. Rc7 Rb1 56. Bb4 Be2+ 57. Kc3 Rc1+ 58. Kd2 Rb1
59. Kc3 Bf3 60. b7 Bxb7 61. Rxb7 a5 62. Rf7+ Kg6 63. Re7 axb4+ 64. Kc2 Re1 65.
Kb3 Re4 0-1

[Event "SR 3. liga A2 2015/2016"]
[Site "?"]
[Date "2016.01.17"]
[Round "6.2"]
[White "Kozinka, Roman"]
[Black "Merva, Frantisek"]
[Result "1/2-1/2"]
[WhiteElo "1964"]
[BlackElo "2073"]
[PlyCount "115"]
[EventDate "2016.??.??"]

1. c4 c6 2. Nf3 d5 3. cxd5 cxd5 4. g3 Nf6 5. Bg2 Nc6 6. O-O e5 7. d4 e4 8. Ne5
Qb6 9. Nxc6 bxc6 10. Nc3 Bd6 11. b3 Bd7 12. f3 exf3 13. exf3 O-O 14. Na4 Qc7
15. Be3 Rfe8 16. Qd2 Rab8 17. Rac1 Rb5 18. Rfd1 Ba3 19. Ra1 Bd6 20. Qf2 h5 21.
Bf1 Rbb8 22. Rd3 h4 23. g4 Bxg4 24. Bg5 Bf5 25. Bxf6 Bxd3 26. Bxd3 gxf6 27.
Qxh4 Bf4 28. Nc5 Be3+ 29. Kh1 Rbd8 30. Qxf6 Qf4 31. Rg1+ Kf8 32. Ne6+ Rxe6 33.
Qxd8+ Re8 34. Rg8+ Kxg8 35. Qxe8+ Kg7 36. Qe5+ Qxe5 37. dxe5 Bf4 38. b4 Bxe5
39. Ba6 Bc3 40. Bb7 Bxb4 41. Bxc6 d4 42. Be4 Kh6 43. Kg2 Kg5 44. Kf2 Kf4 45.
Bc2 Be7 46. Ke2 Bc5 47. Bd1 Be7 48. a4 Kg5 49. Kd3 Bf6 50. Bb3 Kf4 51. Bd5 Be5
52. a5 f5 53. Be6 Bf6 54. a6 Ke5 55. Bc8 Bh4 56. h3 Bf2 57. Bd7 Kf4 58. Bc8
1/2-1/2

[Event "SR 3. liga A2 2015/2016"]
[Site "?"]
[Date "2016.01.17"]
[Round "6.2"]
[White "Kalmar, Tamas"]
[Black "Zarecky, Eduard"]
[Result "1-0"]
[WhiteElo "2013"]
[BlackElo "1877"]
[PlyCount "97"]
[EventDate "2016.??.??"]

1. d4 d5 2. c4 e6 3. Nc3 Nf6 4. Bg5 Be7 5. e3 O-O 6. Nf3 Nc6 7. Be2 a6 8. O-O
h6 9. Bh4 dxc4 10. Bxc4 b5 11. Be2 Bb7 12. Rc1 Rc8 13. a3 Nd5 14. Nxd5 Bxh4 15.
Nf4 Bf6 16. Nd3 Rb8 17. Qc2 Be7 18. Rfd1 Qd5 19. Nc5 Bxc5 20. Qxc5 Qd6 21. Nd2
Rfc8 22. Ne4 Qd7 23. Qc2 Nd8 24. Nc5 Qd6 25. Nxb7 Nxb7 26. Bf3 Qe7 27. Rd3 Na5
28. Rc3 c6 29. Bxc6 b4 30. axb4 Qxb4 31. Be4 Rf8 32. b3 Rb6 33. Bd3 f5 34. g3
Rfb8 35. Bc4 Qa3 36. Qd1 Nxb3 37. Rxb3 Rxb3 38. Bxe6+ Kh8 39. Bxb3 Rxb3 40. Qc2
Rb5 41. Qc3 Qe7 42. Qc8+ Kh7 43. Qxa6 Qb4 44. Qc6 Qb3 45. Qf3 Qd3 46. h4 Rb2
47. h5 Rd2 48. Kg2 Ra2 49. Rc5 1-0

[Event "SR 3. liga A2 2015/2016"]
[Site "?"]
[Date "2016.01.17"]
[Round "6.2"]
[White "Mackovic, Miroslav"]
[Black "Matis, Tibor ml"]
[Result "1-0"]
[WhiteElo "1868"]
[BlackElo "1722"]
[PlyCount "63"]
[EventDate "2016.??.??"]

1. e4 c5 2. Nf3 e6 3. d4 cxd4 4. Nxd4 a6 5. c4 Nc6 6. Be2 Bb4+ 7. Bd2 Bc5 8.
Nb3 Ba7 9. Bf4 Qf6 10. Qd2 Bxf2+ 11. Kxf2 e5 12. g3 g5 13. Ke1 gxf4 14. Rf1
Nge7 15. Nc3 d6 16. Rf2 h5 17. Nd5 Nxd5 18. cxd5 Na7 19. gxf4 Qg6 20. f5 Qg1+
21. Bf1 Bd7 22. Rc1 Bb5 23. Na5 Bxf1 24. Rxf1 Qb6 25. Nc4 Qd8 26. f6 Rc8 27.
Qe3 Nb5 28. a4 Nd4 29. Nxd6+ Kd7 30. Nxc8 Qa5+ 31. Kf2 Qb4 32. Qh3+ 1-0

[Event "SR 3. liga A2 2015/2016"]
[Site "?"]
[Date "2016.01.17"]
[Round "6.2"]
[White "Bugar, Peter"]
[Black "Dobis, Pavol"]
[Result "1-0"]
[WhiteElo "1688"]
[BlackElo "1719"]
[PlyCount "73"]
[EventDate "2016.??.??"]

1. d4 d5 2. c4 e6 3. Nf3 Nf6 4. Bg5 Be7 5. Nc3 h6 6. Bh4 c5 7. dxc5 dxc4 8.
Qa4+ Nbd7 9. c6 bxc6 10. Qxc6 Rb8 11. Bg3 Bb7 12. Qxc4 Rc8 13. Qa4 a5 14. Ne5
O-O 15. Rd1 Nc5 16. Rxd8 Nxa4 17. Rxf8+ Bxf8 18. Nxa4 Bb4+ 19. Kd1 Rd8+ 20. Nd3
Ne4 21. a3 Be7 22. f3 Nf6 23. e4 Ba6 24. Kc2 Bb5 25. Nc3 Rc8 26. Ne5 Bxf1 27.
Rxf1 Ne8 28. Nd7 Nd6 29. Bxd6 Bxd6 30. e5 Be7 31. Rd1 Rc4 32. Kb3 Rc8 33. Nb5
Ra8 34. Ka4 Bd8 35. Rc1 Bg5 36. Rc7 Bd2 37. Nb6 1-0

[Event "SR 3. liga A2 2015/2016"]
[Site "?"]
[Date "2016.01.17"]
[Round "6.2"]
[White "Vagovic, Milan"]
[Black "Gogora, Kristian"]
[Result "0-1"]
[WhiteElo "1607"]
[BlackElo "1597"]
[PlyCount "78"]
[EventDate "2016.??.??"]

1. d4 Nf6 2. c4 g6 3. Nf3 d6 4. Nc3 Bg7 5. e4 O-O 6. Be2 e5 7. d5 Nbd7 8. Bg5
h6 9. Bh4 Qe8 10. Nb5 Qd8 11. Qc2 Nc5 12. Nc3 Qd7 13. Nd2 b6 14. O-O Nh7 15.
Bg3 f5 16. h3 f4 17. Bh2 Qe7 18. Nf3 Ng5 19. Kh1 Ngxe4 20. Nxe4 Nxe4 21. Qxe4
Bf5 22. Bd3 Bxe4 23. Bxe4 g5 24. g4 fxg3 25. fxg3 h5 26. Nd2 g4 27. h4 Rxf1+
28. Rxf1 Rf8 29. Bg1 Rxf1 30. Nxf1 Qf6 31. Ne3 a6 32. Kg2 b5 33. b3 bxc4 34.
bxc4 Kf7 35. Nc2 Qd8 36. c5 Qb8 37. c6 Qb5 38. Be3 Qc4 39. Bh7 Qxd5+ 0-1

[Event "SR 3. liga A2 2015/2016"]
[Site "?"]
[Date "2016.01.17"]
[Round "6.2"]
[White "Mezes, Kristof"]
[Black "Rau, Vladimir"]
[Result "0-1"]
[WhiteElo "1458"]
[BlackElo "1539"]
[PlyCount "92"]
[EventDate "2016.??.??"]

1. d4 d5 2. c4 Nf6 3. Nc3 e6 4. Bg5 Be7 5. Nf3 Nc6 6. e3 O-O 7. cxd5 exd5 8.
Bd3 Bg4 9. h3 Be6 10. O-O h6 11. Bh4 Nb4 12. a3 Nxd3 13. Qxd3 Qd7 14. Ne5 Qd8
15. Rac1 c6 16. b4 Nd7 17. Bxe7 Qxe7 18. Nxd7 Bxd7 19. Ne2 Rfe8 20. Ng3 Qg5 21.
Kh2 Re7 22. Rce1 Rae8 23. f4 Qf6 24. e4 dxe4 25. Rxe4 Rxe4 26. Nxe4 Qf5 27. Nc5
Qxd3 28. Nxd3 Bf5 29. Ne5 f6 30. Nf3 Re3 31. Ra1 Rd3 32. Ra2 Kf7 33. Kg1 Be4
34. Kf2 Bxf3 35. gxf3 Rxd4 36. Ke3 Rd1 37. Rd2 Rxd2 38. Kxd2 Ke6 39. Ke3 Kf5
40. a4 b6 41. h4 c5 42. bxc5 bxc5 43. a5 a6 44. h5 g6 45. hxg6 Kxg6 46. Ke4 h5
0-1

[Event "SR 3. liga A2 2015/2016"]
[Site "?"]
[Date "2016.01.17"]
[Round "6.3"]
[White "Danada, Tomas"]
[Black "Sturdik, Igor"]
[Result "1-0"]
[WhiteElo "2170"]
[BlackElo "1988"]
[PlyCount "61"]
[EventDate "2016.??.??"]

1. g3 Nf6 2. Bg2 g6 3. e4 d6 4. Ne2 Bg7 5. d4 Nbd7 6. O-O O-O 7. h3 e5 8. Nbc3
exd4 9. Nxd4 Re8 10. Re1 Nc5 11. Nb3 Ne6 12. Be3 c6 13. Qd2 Qc7 14. Rad1 Bf8
15. f4 Nd7 16. Qf2 b6 17. Rf1 Nec5 18. Nd4 Bb7 19. b4 Na6 20. a3 Rad8 21. Bc1
Nab8 22. Bb2 a6 23. Nf3 Bg7 24. e5 dxe5 25. Ne4 exf4 26. Bxg7 Kxg7 27. Nd6 Re6
28. Nxf7 Rf8 29. N7g5 Ref6 30. Qd4 Qe5 31. Nxe5 1-0

[Event "SR 3. liga A2 2015/2016"]
[Site "?"]
[Date "2016.01.17"]
[Round "6.3"]
[White "Puskar, Peter"]
[Black "Travnicek, Petr"]
[Result "1-0"]
[WhiteElo "2218"]
[BlackElo "2085"]
[PlyCount "87"]
[EventDate "2016.??.??"]

1. d4 Nf6 2. c4 g6 3. Nc3 Bg7 4. e4 d6 5. Nf3 O-O 6. Be2 e5 7. Be3 Nc6 8. d5
Ne7 9. Nd2 Ne8 10. O-O f5 11. f3 f4 12. Bf2 g5 13. b4 Ng6 14. c5 Rf7 15. Nc4
Bf8 16. cxd6 cxd6 17. Nb5 Bd7 18. Nxa7 Qb8 19. Nb6 Rxa7 20. a4 Ra6 21. Bxa6
bxa6 22. Qd3 g4 23. fxg4 Bxg4 24. h3 f3 25. Be3 Nf4 26. Bxf4 Rxf4 27. a5 Bh5
28. g3 Rf7 29. g4 Bg6 30. Rxf3 Nf6 31. Re1 Qd8 32. Qxa6 Bxe4 33. Rxe4 Nxe4 34.
Rxf7 Kxf7 35. Qd3 Ng5 36. Qf5+ Kg7 37. Kg2 Be7 38. Nc8 Bf8 39. h4 Nf7 40. g5
Be7 41. Nxe7 Qb8 42. Qf6+ Kf8 43. Nf5 Qb7 44. Qg7+ 1-0

[Event "SR 3. liga A2 2015/2016"]
[Site "?"]
[Date "2016.01.17"]
[Round "6.3"]
[White "Pribila, Gerhard"]
[Black "Bukovsky, Milan"]
[Result "1-0"]
[WhiteElo "2100"]
[BlackElo "1985"]
[PlyCount "61"]
[EventDate "2016.??.??"]

1. e4 e5 2. Nf3 Nc6 3. Bb5 a6 4. Ba4 Nf6 5. O-O Be7 6. d3 d6 7. c3 O-O 8. h3 b5
9. Bc2 Bb7 10. Re1 Re8 11. Nbd2 Bf8 12. Nf1 g6 13. Bg5 Bg7 14. Ne3 Qd7 15. a4
Nd8 16. axb5 axb5 17. Rxa8 Bxa8 18. Bb3 Ne6 19. Bh4 Nf4 20. Bg3 Ne6 21. Bh4 Nf4
22. Bg5 Ne6 23. Qa1 Nc5 24. Bc2 Bb7 25. Qc1 c6 26. b4 Ne6 27. Bb3 h6 28. Bxf6
Bxf6 29. Ng4 Bg7 30. Nxh6+ Kh7 31. Nxf7 1-0

[Event "SR 3. liga A2 2015/2016"]
[Site "?"]
[Date "2016.01.17"]
[Round "6.3"]
[White "Doucha, Ludvik"]
[Black "Ambros, Rafael"]
[Result "1/2-1/2"]
[WhiteElo "1955"]
[BlackElo "1979"]
[PlyCount "74"]
[EventDate "2016.??.??"]

1. d4 d5 2. Nf3 c6 3. e3 e6 4. Bd3 f5 5. Ne5 Nf6 6. O-O Be7 7. Nd2 O-O 8. c3
Nbd7 9. f4 Nxe5 10. fxe5 Ng4 11. Nf3 c5 12. Bd2 c4 13. Bc2 Bd7 14. Qe2 b5 15.
h3 Nh6 16. Nh2 Be8 17. g4 Bg6 18. Rac1 Qe8 19. gxf5 Nxf5 20. Qg4 Bh5 21. Qg2
Bg6 22. e4 dxe4 23. Bxe4 Nh4 24. Qg4 Bxe4 25. Qxe4 Qg6+ 26. Qxg6 Nxg6 27. Rxf8+
Rxf8 28. Rf1 a5 29. Rxf8+ Kxf8 30. Kf2 Ke8 31. Kf3 Kd7 32. Ke4 Kc6 33. Ng4 Bh4
34. Ne3 Ne7 35. Ng2 Ng6 36. Be3 Bd8 37. Bd2 Be7 1/2-1/2

[Event "SR 3. liga A2 2015/2016"]
[Site "?"]
[Date "2016.01.17"]
[Round "6.3"]
[White "Kubis, Ivan"]
[Black "Bahna, Jan"]
[Result "1-0"]
[WhiteElo "1939"]
[BlackElo "1875"]
[PlyCount "79"]
[EventDate "2016.??.??"]

1. e4 e5 2. Nf3 Nc6 3. Bc4 Nf6 4. d3 Be7 5. O-O d6 6. c3 O-O 7. h3 Na5 8. Bb5
a6 9. Ba4 b5 10. Bc2 c5 11. Be3 Qc7 12. Re1 h6 13. Nbd2 Re8 14. Nf1 Bf8 15. Ng3
Nc6 16. a4 b4 17. Qc1 Kh7 18. Nh2 Rb8 19. f4 g6 20. Rf1 Ng8 21. f5 Qe7 22. Qd2
Bg7 23. Rf3 Rf8 24. Raf1 Nf6 25. Ng4 g5 26. Nxf6+ Bxf6 27. Nh5 b3 28. Bd1 Rg8
29. g4 Bd7 30. Be2 Rb6 31. Kg2 Qd8 32. Rh1 Na5 33. Nxf6+ Qxf6 34. h4 gxh4 35.
Rfh3 Kg7 36. Rxh4 Kf8 37. Rxh6 Qd8 38. d4 cxd4 39. cxd4 Qc7 40. Qxa5 1-0